| 000 | 00000nam 2200000za 4500 |
| 001 | 9.699644 |
| 003 | CaOODSP |
| 005 | 20210625000455 |
| 007 | cr ||||||||||| |
| 008 | 150407s1992 quc #o f|0| 0 eng d |
| 020 | |a978-0-660-67484-1 |
| 040 | |aCaOODSP|beng |
| 043 | |an-cn--- |
| 086 | 1 |aCo28-1/87-1992E-PDF |
| 245 | 00|aThesaurus of information sciences and technologies / |h[electronic resource]|cEdited by Denis Beauchemin. |
| 260 | |aLaval - Quebec : |bCommunications Canada. |c1992. |
| 300 | |a175p. |
| 500 | |a"Digitized by Publishing and Depository Services, Public Works and Government Services Canada - 2014" |
| 590 | |a14-18-Supp|b2014-10-15 |
| 690 | 07|aInformation|2gcpds |
| 690 | 07|aInformation technology|2gcpds |
| 690 | 07|aTerminology|2gcpds |
| 710 | 1 |aCanada. |bCommunications Canada. |
| 710 | 2 |aCanadian Workplace Automation Research Centre. |
| 775 | 08|tThesaurus des sciences et des technologies de l'information |w(CaOODSP)9.643620 |
| 776 | 0#|tThesaurus of information sciences and technologies / |w(CaOODSP)9.653011 |
| 776 | 0#|tThesaurus des sciences et des technologies de l'information / |w(CaOODSP)9.653012 |
| 856 | 40|ahttp://publications.gc.ca|qPDF|s5.65 MB|uhttps://publications.gc.ca/collections/collection_2014/tpsgc-pwgsc/Co28-1-87-1992-eng.pdf |